Statistics for Countries with embassies and consulates in Poland

Click here to take the quiz!

General Stats

  • This quiz has been taken 144 times
  • The average score is 82 of 95

Answer Stats

ContinentCountry% Correct
EuropeUnited Kingdom
99%
OceaniaAustralia
98%
South AmericaArgentina
97%
North AmericaCanada
97%
EuropeSpain
97%
North AmericaUnited States of America
97%
AsiaChina
96%
South AmericaColombia
96%
EuropeFinland
96%
EuropeGermany
96%
EuropeSweden
96%
EuropeUkraine
96%
EuropeFrance
95%
Asia/ EuropeRussia
95%
EuropeSlovakia
95%
AsiaSouth Korea
95%
EuropeSwitzerland
95%
EuropeAlbania
94%
EuropeBelgium
94%
EuropeCzech Republic
94%
EuropeDenmark
94%
AsiaIndia
94%
AsiaIraq
94%
AsiaJapan
94%
EuropeNorway
94%
EuropePortugal
94%
EuropeSlovenia
94%
Asia/ EuropeTurkey
94%
EuropeAustria
93%
South AmericaBrazil
93%
South AmericaChile
93%
EuropeGreece
93%
EuropeBelarus
92%
AsiaIran
92%
EuropeIreland
92%
AsiaIsrael
92%
EuropeItaly
92%
North AmericaMexico
92%
Europethe Netherlands
92%
EuropeCroatia
90%
AsiaIndonesia
90%
OceaniaNew Zealand
90%
EuropeRomania
90%
AsiaSaudi Arabia
90%
EuropeSerbia
90%
AfricaEgypt
89%
EuropeEstonia
89%
EuropeLatvia
89%
EuropeLithuania
89%
AsiaPakistan
89%
AfricaAlgeria
88%
AsiaArmenia
88%
AsiaUnited Arab Emirates
88%
EuropeBosnia and Herzegovina
87%
EuropeMontenegro
87%
South AmericaPeru
87%
AfricaSouth Africa
87%
North AmericaCuba
86%
EuropeHungary
86%
AsiaVietnam
86%
EuropeBulgaria
85%
EuropeMoldova
85%
AsiaThailand
85%
South AmericaVenezuela
85%
EuropeLuxembourg
84%
AfricaMorocco
84%
EuropeCyprus
83%
AfricaLibya
83%
AsiaQatar
83%
AsiaGeorgia
82%
EuropeMacedonia
82%
AfricaNigeria
82%
AsiaAfghanistan
81%
AfricaAngola
81%
AsiaLebanon
81%
AsiaMalaysia
81%
AsiaAzerbaijan
80%
EuropeMalta
78%
AsiaNorth Korea
78%
AsiaSyria
78%
South AmericaUruguay
78%
AsiaUzbekistan
77%
AfricaD. R. Congo
76%
AfricaTunisia
76%
EuropeVatican City
75%
AsiaYemen
74%
North AmericaPanama
73%
AsiaKazakhstan
72%
AsiaMongolia
72%
AsiaKuwait
70%
AsiaBangladesh
69%
AsiaSri Lanka
69%
Asiathe Philippines
67%
AfricaSenegal
61%
AsiaPalestine
37%

Score Distribution

Percentile by Number Answered

Percent of People with Each Score

Your Score History

You have not taken this quiz